000 00503nam a22001937a 4500
003 OSt
005 20200505085416.0
008 180713b xxu||||| |||| 00| 0 ara d
020 _a9786144326138
040 _aLB-BrCRDP
082 _a892.73 S128m
100 _aمحمد صفا
245 _aمئة يوم في معتقل أنصار
260 _aبيروت
_bدار الفارابي
_c2017
300 _aص263
_cسم21
630 _a Ansar Prison -Lebanon
630 _aLebanon
942 _2ddc
_cBK
999 _c19496
_d19496